Arabella : romanzo di Emilio de Marchi.

Saved in:
Bibliographic Details
Main Author: De Marchi, Emilio, 1851-1901
Format: Book
Language:English
Published: Milano : Treves, 1919.
LEADER 00659nam a2200181 i 4500
001 c000028446
003 CARM
005 00000000000000.0
008 850523s1919 it 0 eng d
019 1 |a 9254152  |5 LACONCORD2021 
035 |a (OCoLC)221308228  |5 LACONCORD2021 
100 1 |a De Marchi, Emilio,  |d 1851-1901. 
245 1 0 |a Arabella :  |b romanzo di Emilio de Marchi. 
260 |a Milano :  |b Treves,  |c 1919. 
300 |a 44 p. 
852 8 |b CARM  |h A2:AE12G0  |i A00332  |p 0054445  |f BK 
999 f f |i 4f615f3c-f46c-59d1-84d8-31381c8beb39  |s 22229341-6e13-5d0b-9bbc-439d94ec8de1 
952 f f |p Can circulate  |a CAVAL  |b CAVAL  |c CAVAL  |d CARM 1 Store  |e A00332  |f A2:AE12G0  |h Other scheme  |i book  |m 0054445